Da Ercolano all'Egitto : ricerche varie di papirologia /

Saved in:

Other Authors: Capasso, Mario

Format: Book

Language: Italian

Published: Galatina (Lecce) : Congedo editore, 1999-

Series: Papyrologica Lupiensia ; 7.

Subjects:

Tags: Add Tag

No Tags, Be the first to tag this record!

Call Number: PA3342 .D3 v.1-5

LEADER 00811nam a22002537a 4500
003 OSt
005 20251006104918.0
008 130303m1999 it a g b 000 0 ita d
010 |a 00345211 
020 |a 8880862812 
040 |c ARCE Library 
043 |a mm----- 
050 1 4 |a PA3342  |b .D3 v.1-5 
245 0 3 |a Da Ercolano all'Egitto :   |b ricerche varie di papirologia /   |c A cura di Mario Capasso. 
264 1 |a Galatina (Lecce) :   |b Congedo editore,   |c 1999- 
300 |a volume <1-5> :  |b illustrations ;  |c 25 cm. 
490 1 |a Papyrologica Lupiensia ;  |v 7. 
504 |a Includes bibliographical references. 
650 0 |a Manuscripts (Papyri)  |x Conservation and restoration. 
700 1 |a Capasso, Mario,  |9 27702 
830 0 |a Papyrologica Lupiensia ;  |v 7. 
901 |a reviewed 
942 |c BK  |2 lcc 
999 |c 22404  |d 22404